书目信息 |
| 题名: |
非数值并行算法
|
|
| 作者: | 康立山 , 康立山 著 | |
| 分册: | 第一册 模拟退火算法 | |
| 出版信息: | 北京 科学出版社 1994.04 |
|
| 页数: | 244页 | |
| 开本: | 21cm | |
| 丛书名: | 计算方法丛书 | |
| 单 册: | ||
| 中图分类: | TP338.6 | |
| 科图分类: | ||
| 主题词: | 计算机应用-遗传学 , 遗传学-计算机应用 | |
| 电子资源: | ||
| ISBN: | 7-03-003736-7 | |
| 000 | 00855nam2 2200277 45 | |
| 001 | 012004000000 | |
| 005 | 20050106093124.08 | |
| 010 | @a7-03-003736-7@dCNY 19.00 | |
| 100 | @a20041110e1994 em y0chiy0121 ea | |
| 101 | 0 | @achi |
| 102 | @aCN@b110000 | |
| 105 | @aak z 000yy | |
| 200 | 1 | @a非数值并行算法@Afei shu zhi bing xing suan fa@h第一册@i模拟退火算法@f康立山等著@Fkang li shan deng zhu |
| 210 | @a北京@c科学出版社@d1994.04@h2003重印 | |
| 215 | @a244页@c图, 表格@d21cm | |
| 225 | 2 | @a计算方法丛书 |
| 304 | @a本书其他著者: 谢云, 尤矢勇, 罗祖华 | |
| 410 | 0 | @12001 @a计算方法丛书 |
| 517 | 1 | @a模拟退火算法 |
| 606 | 0 | @a计算机应用-遗传学 |
| 606 | 0 | @a遗传学-计算机应用 |
| 690 | @aTP338.6@v4 | |
| 701 | 0 | @a康立山@Akang li shan@4著 |
| 701 | 0 | @a康立山@Akang li shan@4著 |
| 801 | 0 | @aCN@bQSSK@c20050106 |
| 905 | @a10447@dTP338.6@eK250 | |
| 非数值并行算法.第一册.模拟退火算法/康立山等著.-北京:科学出版社,1994.04(2003重印) |
| 244页:图, 表格;21cm.-(计算方法丛书) |
| ISBN 7-03-003736-7:CNY 19.00 |
| ● |
| 相关链接 |
|
|
|
正题名:非数值并行算法
索取号:TP338.6/K250
 
预约/预借
| 序号 | 登录号 | 条形码 | 馆藏地/架位号 | 状态 | 备注 |
| 1 | 434742 | 204347420 | 期刊室512/301自科库 55排6列5层/ [索取号:TP338.6/K250] | 在馆 | |
| 2 | 434743 | 204347439 | 期刊室512/301自科库 55排6列5层/ [索取号:TP338.6/K250] | 在馆 | |
| 3 | 434744 | 204347448 | 自科库301/404自科库 12排1列3层/ [索取号:TP338.6/K250] | 在馆 |